00918cam a22002655a 4500001001200000003000400012005001700016008004100033020001500074020001800089040003500107082001900142245009500161250001200256260011700268300003300385500002000418650004200438651001000480653002000490700001800510942000800528999001700536952009900553ocm54967821OSt20180429134646.0040416t2004 caua fr 001 0 eng d a159059231X a9781590592311 aVYFcVYFdOCLCQdEG-ScBUEbeng04222a006.9bCAS00aCascading style sheets :bseparating content from presentation /cOwen Briggs ... [et al.] a2nd ed. aBerkeley :bFriendsofED / Apress ;aNew York :bDistributed to the Book trade in US by Springer-Verlag,cc.2004. axx, 409 p. :bill. ;c23 cm. aIncludes index. 7aCascading style sheets.2BUEsh929999 2BUEsh bGGENcApril20181 aBriggs, Owen. 2ddc c26614d26586 00102ddc4070aMAINbMAINcLOWd2018-04-29l0o006.9 CASp000047675r2025-07-15 00:00:00yBB